| 000 | 01762cam a2200481 4500 | ||
|---|---|---|---|
| 008 | 090401t1995 xxu||||| |||| 00| 0 eng d | ||
| 020 | _a0854066993 | ||
| 035 | _a(Sirsi) u62288 | ||
| 041 | _aeng | ||
| 050 | _a333.332 | ||
| 090 | _aRICS 1995/62ABCD | ||
| 110 |
_aRoyal Institution of Chartered Surveyors _94900 |
||
| 245 | _aRICS appraisal and valuation manual. | ||
| 260 |
_aLondon _bRICS _c1995 |
||
| 300 | _a1 v. (loose-leaf) | ||
| 350 | _a76 | ||
| 490 | _aRICS Guidance Note | ||
| 490 | _aRICS Red Book | ||
| 490 | _aRICS Information Paper | ||
| 520 | _aAmalgamates and revises `Statements of Asset Valuation Practice and Guidance Notes` (Red Book) and `Manual of Valuation Guidance Notes` (White Book). Produced in association with the Incorporated Society of Valuers and Auctioneers and the Institute of Revenues Rating and Valuation. Loan copies to be returned to the library by recorded delivery. | ||
| 520 | _aSuperseded 1 May 2003 "RICS appraisal and valuation standards" (ISBN 1842191233). | ||
| 650 | _aAPPRAISAL AND VALUATION MANUAL | ||
| 650 | _aASSET VALUATION | ||
| 650 | _aASSETS | ||
| 650 | _aCONTAMINATED LAND | ||
| 650 | _aELECTROMAGNETIC FIELDS | ||
| 650 | _aGUIDANCE NOTES | ||
| 650 | _aHAZARDOUS MATERIALS | ||
| 650 | _aINCORPORATED SOCIETY OF VALUERS AND AUCTIONEERS | ||
| 650 | _aINSTITUTE OF REVENUES RATING AND VALUATION | ||
| 650 | _aMERGER | ||
| 650 | _aPRACTICE STATEMENTS | ||
| 650 | _aPRE-PURCHASE REPORTS | ||
| 650 | _aRADON | ||
| 650 | _aRED AND WHITE BOOK | ||
| 650 | _aRICS APPRAISAL AND VALUATION MANUAL | ||
| 650 | _aVALUATION REPORTS | ||
| 650 |
_aValuation _96273 |
||
| 650 | _aWHITE BOOK | ||
| 690 | _aRATING AND VALUATION | ||
| 942 |
_n0 _2ddc |
||
| 948 | _c04/03/1997 | ||
| 999 |
_c94391 _d94391 |
||